| 000 | 00775nam a2200241Ia 4500 | ||
|---|---|---|---|
| 005 | 20221115151134.0 | ||
| 008 | 210716s2012 xx 000 0 und d | ||
| 020 | _a9788131730683 | ||
| 040 | _cAIMIT LIBRARY | ||
| 041 | _aeng | ||
| 082 |
_a005.365 _21 _bCRIL |
||
| 100 |
_aCrispin, Lisa. _962013 |
||
| 245 |
_aAgile testing : _bpractical guide for testing and agile teams / _cBy Lisa Crispin and Janet Gregory. |
||
| 250 | _a1st ed. | ||
| 260 |
_aNew Delhi : _bPearson , _c2012. |
||
| 300 |
_axxxv,533 p.; _c25 cm. |
||
| 650 |
_aCultural challenges _962014 |
||
| 650 |
_aTeam logistics _962015 |
||
| 650 |
_aAgile testing quadrants _962016 |
||
| 650 |
_asummary of testing quadrants _962017 |
||
| 700 |
_aGregory, Janet. _962018 |
||
| 942 |
_2ddc _cBK _e1st _k005.365 CRIL |
||
| 999 |
_c192937 _d192937 |
||